000 01581nam a2200373 i 4500
001 000026411
003 DO-SdBNP
005 20240904140939.0
007 ta
008 110317s2022 dr ad 000 0 spa d
020 _a9789945934328
040 _aDO-SdBNP
_bspa
_cBNPHU
_erda
041 _aspa
082 4 _a972.93053
_bL735e
_222
100 1 _aLinares, Manuel
_953454
_4aut.
_eautor
245 1 0 _aLa economía dominicana durante la dictadura de Trujillo (1930-1961) /
_cManuel Linares ; prefacio, Luisa de Peña Díaz ; cuidado de la edición, Avelino Stanley.
250 _aPrimera edición
264 4 _aSanto Domingo :
_bMuseo Memorial de la Resistencia Dominicana,
_c©2022.
300 _a723 páginas ;
_bilustraciones, cuadros, gráficos ;
_c23 cm.
336 _2rdacontent
_ardacontent
_btxt
337 _2rdamedia
_asin mediación
_bn
338 _2rdacarrier
_avolumen
_bnc
490 0 _aPublicaciones del Museo Memorial de la Resistencia Dominicana ;
_v12
500 _aIncluye datos biográficos del autor en las solapas
500 _aIncluye referencias bibliográficas y notas al pie de las páginas
504 _aBibliografía : p. 711-719
590 _aInventariado, 2022 / DG
651 7 _aRepública Dominicana
_xCondiciones económicas
_xHistoria
_yEra de Trujillo, 1930-1961
_2LEMB
_986506
700 1 _aPeña Díaz, Luisa de,
_eprologuista
_4pról.
_983006
700 1 _aStanley, Avelino,
_eedición
_4ed.
_981556
710 1 _aUniversidad Autónoma de Santo Domingo
_972951
910 _aDG/Validado. Control de calidad MFF
942 _2ddc
_cLBS1
999 _c53100
_d53100